[Event "South African op"]
[Site "Cape Town"]
[Date "2022.07.13"]
[Round "7"]
[White "Allison, James"]
[Black "Taute, Clayden"]
[Result "1/2-1/2"]
[WhiteElo "1778"]
[BlackElo "1384"]
[PlyCount "63"]
[EventDate "2022.07.09"]
[EventType "swiss"]
[EventRounds "11"]
[EventCountry "RSA"]
[SourceTitle "CBM 209 Extra"]
[Source "ChessBase"]
[SourceDate "2022.09.30"]
[SourceVersion "1"]
[SourceVersionDate "2022.09.30"]
[SourceQuality "1"]

1. d4 Nf6 2. c4 e6 3. g3 d5 4. Bg2 Be7 5. Nf3 dxc4 6. 0-0 a6 7. a4 Bd7 8. Qc2 0-0 9. Rd1 Bc6 10. Nc3 Nd5 11. e4 Nb4 12. Qe2 Nd3 13. Be3 Bb4 14. Ne5 Nxe5 15. dxe5 Qe7 16. Qxc4 Nd7 17. f4 Nb6 18. Bxb6 cxb6 19. Kh1 Rac8 20. Qb3 Rfd8 21. Nd5 exd5 22. exd5 a5 23. dxc6 bxc6 24. Rxd8+ Qxd8 25. Rd1 Qe7 26. Qd3 Qc7 27. Bh3 Rb8 28. Qd7 Qxd7 29. Rxd7 g6 30. Bf1 b5 31. Bc4 Kf8 32. Bxf7 1/2-1/2